|
|
|
|
| LEADER |
00000 a2200000 4500 |
| 003 |
CL-VaPUC |
| 005 |
20241007160607.0 |
| 008 |
240715t2011 ||||| |||| 00| 0 eng d |
| 999 |
|
|
|c 444728
|d 444726
|
| 020 |
|
|
|a 978-84-8443-801-4
|
| 040 |
|
|
|c Pontificia Universidad Católica de Valparaíso
|
| 082 |
|
|
|2 22
|a 465 LLO 2011
|
| 100 |
|
|
|a Lloret Ivorra, Eva María
|9 889349
|e autora
|
| 245 |
|
|
|a ¡Nos vemos! Paso a paso 3.
|b Libro del alumno A2.1.
|
| 260 |
|
|
|a Barcelona, España:
|b Difusión,
|c 2011.
|
| 300 |
|
|
|a 64 páginas
|e + 1 CD audio.
|
| 500 |
|
|
|a c.1 Donación Sonia Toledo. Recibido GC 9-9-2024
|
| 583 |
|
|
|k Catalogador Asistente
|c 20240715
|
| 650 |
|
0 |
|9 309143
|a Idioma español
|v Gramática
|v Enseñanza y aprendizaje
|x Salas de clases
|
| 650 |
|
0 |
|9 309143
|a Idioma español
|v Ejercicios, problemas, etc.
|
| 700 |
|
|
|9 890156
|a Ribas, Rosa
|e autora
|
| 700 |
|
|
|9 890157
|a Wiener, Bibiana
|e autora
|
| 700 |
|
|
|9 890158
|a Görrissen, Margarita
|e autora
|
| 700 |
|
|
|9 890159
|a Häuptle-Barceló, Marianne
|e autora
|
| 700 |
|
|
|9 890160
|a Pérez Cañizares, Pilar
|e autora
|
| 942 |
|
|
|2 ddc
|c BK
|
| 952 |
|
|
|0 0
|1 0
|2 ddc
|4 0
|6 465_000000000000000_LLO_2011
|7 0
|8 A
|9 596733
|a BIBGIM
|b BIBGIM
|d 2024-09-11
|e Donación
|i 5662673
|o 465 LLO 2011
|p 5662673
|r 2025-01-15
|t 1
|w 2024-09-11
|y BK
|k ELE
|